| 000 | 00595nam a22002177a 4500 | ||
|---|---|---|---|
| 005 | 20260317132420.0 | ||
| 008 | 260317b |||||||| |||| 00| 0 eng d | ||
| 020 |
_a9781405163644 _c1995.00 |
||
| 040 | _aMAIN | ||
| 041 | _aEnglish | ||
| 082 |
_a660.6 _bWAI |
||
| 100 |
_aWaites, Michael J. _926505 |
||
| 245 | _aIndustrial Microbiology | ||
| 260 |
_aUnited State of America _bBlackwell Science _c2001 |
||
| 300 | _a288 | ||
| 650 |
_aBiological Science _914046 |
||
| 700 |
_aMorgan, Neil L. _926506 |
||
| 700 |
_aRockey, John S. _926507 |
||
| 700 |
_aHigton, Gary _926508 |
||
| 942 | _cBK | ||
| 999 |
_c60535 _d60535 |
||